Gares de la ligne P du transilien - Statistiques

Statistiques générales
  • Ce quiz a été pris 55 fois
  • Le résultat moyen est 18 sur 37
Statistiques - réponses
Branche Gare % Correct
Meaux
93%
Branche Nord Paris-Est
89%
Branche Sud Paris-Est
89%
Provins
85%
Château-Thierry
81%
Chelles-Gournay
81%
Coulommiers
78%
Tournan
74%
Esbly
63%
La-Ferté-sous-Jouarre
63%
Trilport
63%
Lagny-Thorigny
59%
La-Ferté-Milon
56%
Crécy-la-Chapelle
52%
Longueville
52%
Vaires-Torcy
52%
Nangis
48%
Verneuil-l'Etang
41%
Lizy-sur-Ourcq
37%
Marles-en-Brie
37%
Mortcerf
37%
Nanteuil-Saâcy
37%
Changis-Saint-Jean
33%
Mormant
33%
Champbenoist-Poigny
30%
Crouy-Sur-Ourcq
30%
Mouroux
30%
Villiers-Montbarbin
30%
Chézy-sur-Marne
26%
Couilly-Saint-Germain-Quincy
26%
Faremoutiers-Pommeuse
26%
Guérard-la-Celle-sur-Morin
26%
Mareuil-sur-Ourcq
26%
Montry-Condé
26%
Nogent-l'Artaud-Charly
26%
Sainte-Colombe-Sept-Veilles
26%
Isles-Armentières-Congis
22%
Aucun quiz correspondant
Distribution des résultats
% des personnes avec chaque résultat
Percentile par nombre de réponses
Votre historique - résultats
Vous n’avez pas pris ce quiz